Opus de jeux vidéo #5 - FIFA (EA Sports) - Statistiques

Statistiques générales
  • Ce quiz a été pris 2 920 fois
    2 808 depuis la dernière actualisation
  • Le résultat moyen est 28 sur 69
Statistiques - réponses
Année de sortie Plateforme Jeu % Correct
2020 PS4 / PS5 / XboxOne / XboxSeries / Switch / PC FIFA 21
97%
2019 PS4 / XboxOne / Switch / PC FIFA 20
96%
2021 PS4 / PS5 / XboxOne / Xbox Series / Switch / PC FIFA 22
96%
2017 PS3 / PS4 / Xbox360 / XboxOne / Switch / PC FIFA 18
94%
2018 PS3 / PS4 / Xbox360 / XboxOne / Switch / PC FIFA 19
94%
2016 PS3 / PS4 / Xbox360 / XboxOne / PC FIFA 17
91%
2014 PS3 / PS4 / PSVita / Xbox360 / XboxOne / Wii / PC / 3DS / Mobile FIFA 15
88%
2015 PS3 / PS4 / Xbox360 / XboxOne / PC / Mobile FIFA 16
88%
2013 3DS / PS2 / PS3 / PS4 / PSP / PSVita / Wii / Xbox360 / XboxOne / Mobile / PC FIFA 14
87%
2011 PSVita FIFA Football
86%
2012 PS2 / PS3 / Xbox360 / Wii / Wii U / PC / 3DS / PSP / PSVita / Mobile FIFA 13
85%
2011 PS2 / PS3 / Xbox360 / Wii / PC / 3DS / PSP FIFA 12
84%
2009 PS2 / PS3 / Xbox360 / Wii / PC / DS / PSP / Mobile FIFA 10
81%
2010 PS2 / PS3 / Xbox360 / Wii / PC / DS / PSP / Mobile FIFA 11
81%
2000 PS1 / PS2 / PC FIFA Football 2001
75%
2005 PS2 / Xbox / GameCube / PC / GBA / DS / PSP / Mobile FIFA 06
74%
2005 Xbox360 FIFA 06 : En route pour la Coupe du monde
74%
2006 PS2 / Xbox / Xbox360 / PC / GameCube / PSP / DS / GBA FIFA 07
74%
2007 PS2 / PS3 / Xbox360 / Wii / PC / DS / PSP FIFA 08
74%
2008 PS2 / PS3 / Xbox360 / Wii / PC / DS / PSP FIFA 09
74%
2001 PS1 / PS2 / PC / GameCube FIFA Football 2002
74%
2004 PS1 / PS2 / PC / Xbox / PSP / GameCube / GBA / Mobile FIFA Football 2005
74%
2002 PS1 / PS2 / PC / GameCube / GBA FIFA Football 2003
73%
2003 PS1 / PS2 / PC / GameCube / GBA FIFA Football 2004
73%
1997 PS1 / N64 / PC / GB / SN / MD / Saturn FIFA 98 : En route pour la Coupe du Monde
70%
1998 PS1 / N64 / PC FIFA 99
68%
1999 PS1 / PC / GBC FIFA 2000
66%
1997 N64 FIFA 64
66%
1996 PS1 / PC / GB / MD / Saturn / SN FIFA 97
66%
1993 3DO / Amiga / DOS / GB / GG / MS / MCD / MD / SN FIFA International Soccer
65%
1995 PS1 / 32X / DOS / GB / GG / MD / Saturn / SN FIFA Soccer 96
65%
1994 MD FIFA Soccer 95
64%
2016 Mobile FIFA Mobile
38%
2012 PS3 / Xbox360 FIFA Street
30%
2005 PS2 / Xbox / GameCube FIFA Street
30%
1997 PC FIFA Soccer Manager
19%
2014 PC FIFA World
18%
2014 PS3 / Xbox360 Coupe du Monde de la FIFA : Brésil 2014
11%
2006 PS2 / Xbox / PC / PSP / GameCube / DS FIFA Street 2
11%
2010 PS3 / Xbox360 / Wii / PSP / Mobile Coupe du Monde de la FIFA : Afrique du Sud 2010
9%
2008 PS3 / Xbox360 / DS FIFA Street 3
9%
2002 PS1 / PS2 / Xbox / GameCube / PC Coupe du Monde FIFA 2002
7%
2006 PS2 / Xbox / Xbox360 / PC / PSP / GameCube / DS / GBA / Mobile Coupe du Monde FIFA 2006
7%
2004 PS2 / Xbox / PC UEFA Euro 2004
5%
2008 PS2 / PS3 / PC / Xbox360 / PSP UEFA Euro 2008
5%
2012 PS3 / Xbox360 / PC UEFA Euro 2012
5%
2000 PS1 / PC UEFA Euro 2000
4%
1998 PS1 / N64 / PC / GB Coupe du Monde 98
3%
2010 PC FIFA Online
2%
2006 PC FIFA Online
2%
2005 PC LFP Manager 06
2%
2006 PC LFP Manager 07
2%
2007 PC LFP Manager 08
2%
2008 PC LFP Manager 09
2%
2009 PC LFP Manager 10
2%
2010 PC LFP Manager 11
2%
2011 PC LFP Manager 12
2%
2012 PC LFP Manager 13
2%
2013 PC LFP Manager 14
2%
2002 PC LFP Manager 2003
2%
2004 Xbox / PC LFP Manager 2004
2%
2004 PC LFP Manager 2005
2%
2001 PC LNF Manager 2002
2%
2007 PC FIFA Online 2
1%
2012 PC FIFA Online 3
1%
2018 PC FIFA Online 4
1%
2000 PC LNF Football Manager 2001
1%
1998 PC LNF Manager 99
1%
2013 Mobile FIFA Superstars
0%
Aucun quiz correspondant
Distribution des résultats
% des personnes avec chaque résultat
Percentile par nombre de réponses
Votre historique - résultats
Vous n’avez pas pris ce quiz depuis la dernière actualisation